| 000 | 00699cam a22001814a 4500 | ||
|---|---|---|---|
| 005 | 20250605164345.0 | ||
| 008 | 250528s ||||||||||||||||||||||||d | ||
| 035 | _a23810 | ||
| 040 |
_aGR-AtMCL _bgre _dGR-AtMCL _eAACR2 |
||
| 245 | 1 | _aThe Experience of People Living in the Philippine Urban Slums Regarding Quality of Life, Helplessness and Happiness./An Interpretative Phenomenological Analysis. | |
| 260 | _c2017 | ||
| 300 | _a48 | ||
| 520 | _aIntroduction, Methods, Design, Participants, Data Collection, Data Analysis, Ethical Considerations, Analysis, Discussion, Conclusion, References, Appendix. | ||
| 700 | 1 |
_aVarias Paris _99339 |
|
| 942 | _cDS | ||
| 999 |
_c8744 _d8744 |
||